NLSUI OPAC header image

The psychology of technical analysis (Record no. 24174)

MARC details
000 -LEADER
fixed length control field 00421nam a2200181Ia 4500
003 - CONTROL NUMBER IDENTIFIER
control field OSt
005 - DATE AND TIME OF LATEST TRANSACTION
control field 20210821161156.0
008 - FIXED-LENGTH DATA ELEMENTS--GENERAL INFORMATION
fixed length control field 160316s1993 xxu||||| |||| 00| 0 eng
040 ## - CATALOGING SOURCE
Transcribing agency n
082 ## - DEWEY DECIMAL CLASSIFICATION NUMBER
Classification number 332.600000
Item number PLU
100 ## - MAIN ENTRY--PERSONAL NAME
Personal name Plummer Tony
245 ## - TITLE STATEMENT
Title The psychology of technical analysis
260 ## - PUBLICATION, DISTRIBUTION, ETC.
Place of publication, distribution, etc. New Delhi
Name of publisher, distributor, etc. Vision Books
Date of publication, distribution, etc. 1993
300 ## - PHYSICAL DESCRIPTION
Extent 302p
365 ## - TRADE PRICE
Price amount Rs. 395
700 ## - ADDED ENTRY--PERSONAL NAME
Personal name
--
942 ## - ADDED ENTRY ELEMENTS (KOHA)
Source of classification or shelving scheme Dewey Decimal Classification
Koha item type BOOKs
Holdings
Withdrawn status Lost status Damaged status Not for loan Home library Current library Shelving location Date acquired Cost, normal purchase price Total Checkouts Full call number Barcode Date last seen Price effective from Koha item type
        . . Library Compactors 30.05.2017 395.00   332.6 PLU 21977 30.05.2017 30.05.2017 BOOKs